01685nab a22003017a 4500999001500000003000400015005001700019008004100036040000700077100003700084245018400121260007300305300001300378500004400391505041400435505008900849650002200938650003300960650003100993650003001024650003001054650003301084650003801117650003301155650004001188773014201228942001301370 c5338d5338OSt20250223221709.0190603e xxum|||| |||| 00| 0 spa d cPJ 95595aAicega, María Valentina 10aFideicomiso inmobiliario destinado a consumidores. Configuración, calificación de la relación de consumo y obligaciones del fiduciario proveedor /cMaría Valentina Aicega. cCiudad Autónoma de Buenos Aires :aThomson Reuters La Ley, b2023. ap. 63-76 aCita Online: TR LALEY AR/DOC/2719/2023. aSumario: I. A modo de introducción.— II. Configuraciones usuales en los fideicomisos inmobiliarios destinados a consumidores.— III. El contrato de fideicomiso y las relaciones de consumo.— IV. El fiduciario como proveedor.— V. Consumidor en las relaciones que se establecen en los fideicomisos.— VI. Implicancias de la relación de consumo.— VII. Quid de la hipervulnerabilidad del consumidor.  t¿Te interesa el texto completo? Solicitalo al correo: koha@justierradelfuego.gov.ar 091590aFIDEICOMISO 092597aDEFENSA DEL CONSUMIDOR 093433aCESIÓN DE DERECHOS 094552aRELACION DE CONSUMO 09652aPUBLICIDAD COMERCIAL 093934aRENDICIÓN DE CUENTAS 096382aOBLIGACIONES DEL FIDUCIARIO 093951aDEBER DE INFORMACIÓN 094695aSITUACIÓN DE VULNERABILIDAD0 0271393170dCiudad Autónoma de Buenos Aires : Thomson Reuters La Ley, 2015-tRevista Código Civil y Comercial. Nº 6 - Diciembre 2023 2udccANA